Normal view MARC view
  • Teatre de l'absurd

Entry Terme temàtic

Number of records used in: 2

001 - NÚMERO DE CONTROL

  • campo de control: 79538

003 - IDENTIFICADOR DEL NÚMERO DE CONTROL

  • campo de control: OSt

005 - FECHA Y HORA DE LA ÚLTIMA TRANSACCIÓN

  • campo de control: 20260203093727.0

008 - DATOS DE LONGITUD FIJA

  • campo de control de longitud fija: 210812|| aca||aabn | a|a d

040 ## - FUENTE DE LA CATALOGACIÓN

  • Centro catalogador/agencia de origen: OSt
  • Centro/agencia transcriptor: OSt

150 ## - ENCABEZAMIENTO--TÉRMINO DE MATERIA

  • Término de materia o nombre geográfico como elemento de entrada: Teatre de l'absurd
  • Subdivisión de forma: Textos dramàtics

670 ## - FUENTE DE DATOS ENCONTRADOS

  • Cita de la fuente: Work cat.: (OSt)23677: Tilve, Eduard 49123, Crec que tinc un dubte /

Powered by Koha